Essais sur le gouvernement populaire / (Record no. 158524)

MARC details
000 -LEADER
campo de control de longitud fija 01020nam a22002535i 4500
001 - NÚMERO DE CONTROL
campo de control 158524
003 - IDENTIFICADOR DE NÚMERO DE CONTROL
campo de control ES-MaACL
005 - FECHA Y HORA DE LA ÚLTIMA TRANSACCIÓN
campo de control 20230906211200.0
008 - DATOS DE LONGITUD FIJA--INFORMACIÓN GENERAL
campo de control de longitud fija 981113s1887 fr |||| | fre d
040 ## - FUENTE DE CATALOGACIÓN
Centro catalogador/agencia de origen CCPB | B
Lengua de catalogación spa
Centro/agencia transcriptor CCPB | B
100 1# - ENTRADA PRINCIPAL--NOMBRE DE PERSONA
Nombre de persona Maine, Henry Sumner (
Fechas asociadas al nombre 1822-1888)
9 (RLIN) 129363
245 10 - MENCIÓN DEL TÍTULO
Título Essais sur le gouvernement populaire /
Mención de responsabilidad, etc. par Sir Henri Sumner Maine ... ; traduit avec l'autorisation de l'auteur.
260 ## - PUBLICACIÓN, DISTRIBUCIÓN, ETC.
Lugar de publicación, distribución, etc. París :
Nombre del editor, distribuidor, etc. Ernest Thorin,
Fecha de publicación, distribución, etc. 1887 (
Lugar de fabricación/manufactura Toulouse :
Fabricante Imp. A. Chauvin et fils)
300 ## - DESCRIPCIÓN FÍSICA
Extensión [2] h., XX, 387 p. ;
Dimensiones 23 cm.
490 1# - MENCIÓN DE SERIE
Mención de serie Bibliothèque de l'histoire du droit et des institutions ;
Designación de volumen o secuencia 4
596 #1 - NOTA AL PIE DE IMPRENTA
NOTA AL PIE DE IMPRENTA Marca del ed. en port.
597 #1 - NOTA DE DESCRIPCIÓN FÍSICA
NOTA DE DESCRIPCIÓN FÍSICA Antep.
650 #4 - PUNTO DE ACCESO ADICIONAL DE MATERIA--TÉRMINO DE MATERIA
Término de materia o nombre geográfico como elemento de entrada Gobierno-
Subdivisión geográfica Francia-
Subdivisión cronológica S. \RXIX\R.
9 (RLIN) 234124
752 ## - ENTRADA AGREGADA--NOMBRE JERÁRQUICO DEL LUGAR
País o entidad superior Francia -
Ciudad París
830 0# - PUNTO DE ACCESO ADICIONAL DE SERIE-TÍTULO UNIFORME
Título uniforme Bibliothèque de l'histoire du droit et des institutions ;
Designación de volumen o secuencia 4
9 (RLIN) 188164
852 ## - LOCALIZACIÓN
Ubicación ES-MaACL
Número de control de estantería F-12729
Nota libre -- Enc. pasta española
Encuadernación -- Edic.: corregir en mat. : Democracia
Holdings
Estatus retirado Estado de pérdida Estado de daño No para préstamo Colección Biblioteca de origen Biblioteca actual Ubicación en estantería Fecha de adquisición Fuente de adquisición Total de préstamos Signatura topográfica completa Código de barras Visto por última vez Precio de reemplazo Tipo de ítem Koha
        Libros del s. XIX Biblioteca del Ateneo de Madrid Biblioteca del Ateneo de Madrid Sala Pecera Planta 2 17/01/2008     F-12729 1165922 23/02/2023 23/02/2023 Libro impreso antiguo